Ash's Pokémon Quiz Stats

 Plays Quiz Updated May 24, 2019

Score 0/89 Timer 07:00
0 Plays Today
Current Status Pokémon % Correct
On HandPikachu
98.3%
At Oak'sCharizard
85.9%
EvolvedCharmander
85.6%
At Oak'sBulbasaur
84.5%
In TrainingSquirtle
84.3%
ReleasedButterfree
80.9%
EvolvedCharmeleon
76.8%
EvolvedCaterpie
75.7%
ReleasedPidgeot
74.1%
EvolvedMetapod
74.1%
EvolvedPidgeotto
67.2%
At Oak'sTauros x30
61.6%
ReleasedGreninja
61.1%
At Oak'sMuk
57.4%
At Oak'sTotodile
55.3%
At Oak'sSnorlax
53.9%
EvolvedChikorita
53.8%
EvolvedCyndaquil
53.2%
ReleasedLapras
52.6%
EvolvedKrabby
51.8%
At Oak'sKingler
51.2%
At Oak'sBayleef
50.9%
In TrainingPrimeape
50.4%
EvolvedFroakie
49.5%
TradedRaticate
49.2%
EvolvedTreecko
48.2%
At Oak'sSceptile
47.9%
EvolvedChimchar
47.1%
ReleasedGoodra
46.9%
At Oak'sInfernape
46.3%
Current Status Pokémon % Correct
At Oak'sQuilava
45.6%
At Oak'sSnivy
44.7%
EvolvedFrogadier
44.6%
In RotationRowlet
44.4%
EvolvedGrovyle
44.1%
EvolvedTepig
44%
At Oak'sTalonflame
43.8%
At Oak'sNoivern
43.6%
Given Away*Haunter
43%
In RotationLitten
43%
EvolvedMonferno
42.2%
At Oak'sTorterra
41.9%
EvolvedTurtwig
41.7%
At Oak'sHeracross
41.3%
At Oak'sNoctowl
41.3%
At Oak'sOshawott
40.7%
EvolvedNoibat
40.5%
At Oak'sSwellow
39.4%
At Oak'sHawlucha
39.2%
TradedAipom
39.2%
EvolvedGoomy
38.9%
At Oak'sStaraptor
38.3%
At Oak'sPignite
37.9%
EvolvedGrotle
37.4%
EvolvedStarly
37.4%
At Oak'sBuizel
36.3%
EvolvedStaravia
36.1%
Given AwayBeedrill
35.6%
EvolvedTaillow
35.5%
In RotationRockruff
35.3%
Current Status Pokémon % Correct
At Oak'sGliscor
34.2%
EvolvedFletchinder
33.4%
EvolvedFletchling
33.4%
At Oak'sDonphan
32.3%
EvolvedGligar
32%
EvolvedSliggoo
31.9%
EvolvedPidove
31.6%
At Oak'sTorkoal
31.4%
EvolvedPhanpy
31%
At Oak'sCorphish
30.4%
At Oak'sGlalie
30%
In RotationLycanroc
29.8%
At Oak'sGible
29.5%
Released*Larvitar
29%
In RotationTorracat
28.7%
At Oak'sUnfezant
28.1%
EvolvedSnorunt
27.9%
At Oak'sKrookodile
26.8%
EvolvedTranquill
26.3%
At Oak'sLeavanny
23%
At Oak'sBoldore
23%
At Oak'sScraggy
22.7%
EvolvedKrokorok
22.6%
ReleasedPoipole
22.2%
EvolvedSewaddle
21%
At Oak'sPalpitoad
20.9%
EvolvedRoggenrola
20.7%
EvolvedSwadloon
20%
In RotationMeltan
18.4%

You're not logged in!

Compare scores with friends on all Sporcle quizzes.
OR
Log In

Show Comments

Extras

Top Quizzes Today


Score Distribution

Your Account Isn't Verified!

In order to create a playlist on Sporcle, you need to verify the email address you used during registration. Go to your Sporcle Settings to finish the process.

Report this User

Report this user for behavior that violates our Community Guidelines.

Details: